00775cam a22001938a 4500020003100000020002800031040000800059082002600067100002200093245005000115250001100165260004300176300003300219490002800252500001900280520023900299650001900538650002400557 a9781593578633 (alk. paper) a1593578636 (alk. paper) cDLC00a378 JIS 2011 C150 Or.1 aShatkin, Laurence10a10 best college majors for your personality / a2nd ed aIndianapolis, IN :bJIST Works,cc2011 axii, 308 p. :bill. ;c24 cm1 aJIST's best jobs series aIncludes index aA guide to selecting a college major based on personality type that describes more than fifty-five majors for six personality types, providing information on related jobs, course sequences, pay, openings, work tasks, and skills needed 0aCollege majors 0aVocational guidance